|
|
|
|
| LEADER |
00631nab a2200181 i 4500 |
| 001 |
acta15486 |
| 005 |
20210326145711.0 |
| 008 |
161015s1994 hu o 0|| eng d |
| 022 |
|
|
|a 0001-6969
|
| 040 |
|
|
|a SZTE Egyetemi Kiadványok Repozitórium
|b hun
|
| 041 |
|
|
|a eng
|
| 100 |
1 |
|
|a Müller Vladimír
|
| 245 |
1 |
0 |
|a Commutant lifting theorem for n-tuples of contraction
|h [elektronikus dokumentum] /
|c Müller Vladimír
|
| 260 |
|
|
|c 1994
|
| 300 |
|
|
|a 465-474
|
| 490 |
0 |
|
|a Acta scientiarum mathematicarum
|v 59 No. 3-4
|
| 695 |
|
|
|a Matematika
|
| 856 |
4 |
0 |
|u http://acta.bibl.u-szeged.hu/15486/1/math_059_numb_003_004_465-474.pdf
|z Dokumentum-elérés
|